Documentos europeos (Registro nro. 8991)
[ vista simple ]
| 000 -LEADER | |
|---|---|
| fixed length control field | 00840nas a2200253 454500 |
| 001 - CONTROL NUMBER | |
| control field | 62534 |
| 005 - DATE AND TIME OF LATEST TRANSACTION | |
| control field | 20260407193512.0 |
| 008 - FIXED-LENGTH DATA ELEMENTS--GENERAL INFORMATION | |
| fixed length control field | 260407s1989####ag###########|||spa#d |
| 003 - CONTROL NUMBER IDENTIFIER | |
| control field | AR-UNSa-BCEJYS |
| 040 ## - CATALOGING SOURCE | |
| Original cataloging agency | AR-UNSa-BCEJYS |
| Language of cataloging | spa |
| Transcribing agency | AR-UNSa-BCEJYS |
| 080 ## - UNIVERSAL DECIMAL CLASSIFICATION NUMBER | |
| Universal Decimal Classification number | 339.923:061.1EU |
| Common auxiliary subdivision | Disposiciones económicas de la Unión Europea |
| 022 ## - INTERNATIONAL STANDARD SERIAL NUMBER | |
| International Standard Serial Number | 0258-8269 |
| 041 ## - LANGUAGE CODE | |
| Language code of text/sound track or separate title | spa |
| 100 1# - MAIN ENTRY--PERSONAL NAME | |
| Personal name | Comisión de las Comunidades Europeas. Dirección General Información, Comunicación y Cultura |
| 245 10 - TITLE STATEMENT | |
| Title | Documentos europeos |
| 264 #1 - PRODUCTION, PUBLICATION, DISTRIBUTION, MANUFACTURE, AND COPYRIGHT NOTICE | |
| Place of production, publication, distribution, manufacture | Luxemburgo : |
| Name of producer, publisher, distributor, manufacturer | Oficina de Publicaciones Oficiales de las Comunidades Europeas |
| Date of production, publication, distribution, manufacture, or copyright notice | 1989 |
| 310 ## - CURRENT PUBLICATION FREQUENCY | |
| Current publication frequency | Frecuencia: Irregular |
| 590 ## - LOCAL NOTE (RLIN) | |
| Local note | niveau_biblio:s niveau_hierar:1 |
| 650 ## - SUBJECT ADDED ENTRY--TOPICAL TERM | |
| Topical term or geographic name entry element | Europa |
| 650 ## - SUBJECT ADDED ENTRY--TOPICAL TERM | |
| Topical term or geographic name entry element | Política internacional |
| 650 ## - SUBJECT ADDED ENTRY--TOPICAL TERM | |
| Topical term or geographic name entry element | comunidad europea |
| 650 ## - SUBJECT ADDED ENTRY--TOPICAL TERM | |
| Topical term or geographic name entry element | COMUNIDAD EUROPEA |
| 942 ## - ADDED ENTRY ELEMENTS (KOHA) | |
| Koha item type | |
| Withdrawn status | Lost status | Damaged status | Not for loan | Home library | Current library | Shelving location | Date acquired | Serial enumeration / chronology | Total checkouts | Full call number | Barcode | Date last seen | Price effective from | Koha item type |
|---|---|---|---|---|---|---|---|---|---|---|---|---|---|---|
| Biblioteca Prof. Eusebio Cleto del Rey | Biblioteca Prof. Eusebio Cleto del Rey | 01/03/1990 | Nº 3 - mar. 1990 | H339.923:061.1EU DOC 3.1990 | R23462 | 10/04/2026 | 10/04/2026 | Numero | ||||||
| Biblioteca Prof. Eusebio Cleto del Rey | Biblioteca Prof. Eusebio Cleto del Rey | 01/01/1990 | Nº 1 - ene. 1990 | H339.923:061.1EU DOC 1.1990 | R23461 | 10/04/2026 | 10/04/2026 | Numero | ||||||
| Biblioteca Prof. Eusebio Cleto del Rey | Biblioteca Prof. Eusebio Cleto del Rey | 01/12/1989 | Nº 17 - dic. 1989 | H339.923:061.1EU DOC 17.1989 | R23460 | 10/04/2026 | 10/04/2026 | Numero | ||||||
| Biblioteca Prof. Eusebio Cleto del Rey | Biblioteca Prof. Eusebio Cleto del Rey | 01/11/1989 | Nº 15 - nov. 1989 | H339.923:061.1EU DOC 15.1989 | R23459 | 10/04/2026 | 10/04/2026 | Numero | ||||||
| Biblioteca Prof. Eusebio Cleto del Rey | Biblioteca Prof. Eusebio Cleto del Rey | 01/10/1989 | Nº 13 - oct. 1989 | H339.923:061.1EU DOC 13.1989 | R23458 | 10/04/2026 | 10/04/2026 | Numero | ||||||
| Biblioteca Prof. Eusebio Cleto del Rey | Biblioteca Prof. Eusebio Cleto del Rey | 01/08/1989 | Nº 11 - ago./sep. 1989 | H339.923:061.1EU DOC 11.1989 | R23457 | 10/04/2026 | 10/04/2026 | Numero | ||||||
| Biblioteca Prof. Eusebio Cleto del Rey | Biblioteca Prof. Eusebio Cleto del Rey | 01/06/1989 | Nº 10 - jun./jul. 1989 | H339.923:061.1EU DOC 10.1989 | R23456 | 10/04/2026 | 10/04/2026 | Numero | ||||||
| Biblioteca Prof. Eusebio Cleto del Rey | Biblioteca Prof. Eusebio Cleto del Rey | 01/05/1989 | Nº 8 - mayo 1989 | H339.923:061.1EU DOC 8.1989 | R23455 | 10/04/2026 | 10/04/2026 | Numero | ||||||
| Biblioteca Prof. Eusebio Cleto del Rey | Biblioteca Prof. Eusebio Cleto del Rey | 01/04/1989 | Nº 5 - abr. 1989 | H339.923:061.1EU DOC 5.1989 | R23454 | 10/04/2026 | 10/04/2026 | Numero | ||||||
| Biblioteca Prof. Eusebio Cleto del Rey | Biblioteca Prof. Eusebio Cleto del Rey | 01/03/1989 | Nº 3/4 - mar. 1989 | H339.923:061.1EU DOC 3/4.1989 | R23453 | 10/04/2026 | 10/04/2026 | Numero | ||||||
| Biblioteca Prof. Eusebio Cleto del Rey | Biblioteca Prof. Eusebio Cleto del Rey | 01/01/1989 | Nº 1 - ene./feb. 1989 | H339.923:061.1EU DOC 1.1989 | R23452 | 10/04/2026 | 10/04/2026 | Numero |